| 000 | 00490nam a2200193Ia 4500 | ||
|---|---|---|---|
| 003 | OSt | ||
| 005 | 20250822112339.0 | ||
| 008 | 250729s2004 xx 000 0 und d | ||
| 020 | _a978-0761932062 | ||
| 040 | _cAL | ||
| 041 | _aeng | ||
| 082 | _a370 CHAT | ||
| 100 |
_aChanana Karruna _9221769 |
||
| 245 | _aTransformative links between higher and basic education | ||
| 260 |
_aNew Delhi _bSAGE Publisher _c2004 |
||
| 300 | _a353p | ||
| 650 |
_aEducation _9221770 |
||
| 942 |
_2ddc _cBED |
||
| 999 |
_c235169 _d235169 |
||